Регионална библиотека "Любен Каравелов" - Русе

50 класици на психологията (Запис номер 444156)

MARC детайли
000 -Лидер
Контролно поле с фиксирана дължина 01706nam a2200325 a 4500
003 - Код на организацията, давaща контролен номер
Контролно поле BLK
005 - Дата и час на последна редакция
Контролно поле 20250802121707.0
008 - Елементи от данни с фиксирана дължина
fixed length control field 180408b bul|||||r ||||||| ||bul||
020 ## - Международен стандартен номер на книга ISBN
Международен стандартен номер на книга ISBN 9789545276521
040 ## - Източник на каталожния запис
Идентификатор на билиотеката - собственик на записа BLK
041 ## - Код за език
Код за езика на текст/звукозапис или на отделно заглавие Български
Код за езика КДБФ Български
080 ## - УДК
Текстов определител УДК Психология
УДК код - определител по УДК 159.9
УДК - код + определител 159.9(100)(092)
080 ## - УДК
Текстов определител УДК Биографии - свят
УДК код - определител по УДК 929(100)
УДК - код + определител 929(100)
080 ## - УДК
Текстов определител УДК Индивидуална психология. Психология на личността. Индивидуалност. Психология на характера. Характерология. Психологическа типология
УДК код - определител по УДК 159.923
УДК - код + определител 159.923
100 ## - Редна дума - Автор
Автор Батлър-Бодън, Том
Авторска отговорност първи автор
R(LIN) 470504
139 ## - Редно поле
Редна дума Батлър-Бодън, Том
Авторски знак Бат - Б 28
240 ## - Унифицирано заглавие
Унифицирано заглавие 50 psychology classics
245 10 - Сведения за заглавието
Заглавие 50 класици на психологията
Подзаглавни данни вашият пряк път към най-важните идеи за ума, личността и човешката природа
Редно поле (дума) Том Батлър-Бодън ; прев. от англ. Владимир Германов.
260 ## - Област на издателските данни
Място на издаване, разпространение и проч. София
Име на издателя, разпространителя и проч. Дамян Яков
Година на издаване 2020
Печатница София : Симолини 94
9 (RLIN) 209515
Издателство - префикс ISBN 978-954-527-
300 ## - Физическа характеристика
Страници 440 с.
Размери/Мащаб 24 см
380 ## - Жанр
Жанр Философия
500 ## - Общи забележки
Забележка Ориг. загл.: 50 psychology classics / Tom Butler-Bowdon.
650 #0 - Допълнително описание по предмет – тема
9 (RLIN) 292767
Основно описание – тема или топоним Психолози - биографии
650 #0 - Допълнително описание по предмет – тема
9 (RLIN) 243160
Основно описание – тема или топоним Личност - психология
700 ## - Други автори (авторска отговорност)
Лично име Германов, Владимир Милчев
Дати, свързани с автора 1958-
9 (RLIN) 365098
852 ## - Местоположение
Форматна сигнатура Цб
Фондова буква Хранилище
999 ## - СИСТЕМНИ КОНТРОЛНИ НОМЕРА
Koha biblionumber 444156
Koha biblioitemnumber 444156
942 ## - АРТИКУЛИ
Вид на библиотечния материал Книги
Скрит в OPAC Не
Периодичен библиозапис Да
Koha issues (borrowed), all copies 10
944 ## - СЪЗДАВАНЕ И РЕДАКЦИЯ на ЗАПИСА
Създаване/Редакция Създаване
Дата на регистрацията/редакция 2022-02-08
Служител, извършил регистрацията/редакцията 30575
Статус, дата на статуса Мартин Енчев
999 ## - СИСТЕМНИ КОНТРОЛНИ НОМЕРА
Koha biblioitemnumber 444156
Наличности
Код за отписване Код за изгубен артикул Източник на класификационната схема Код за повреда Коз за рестрикции Код за отдаване Артикулен № Име на библиотеката - собственик Име на библиотеката, в която се намира в момента Статус (Текущо местоположение) Дата на вписване в системата Местоположение - отдел Цена в лева Систематично азбучна сигнатура Баркод Цена в евро Служебен тип на артикула
  Не е изгубен Universal Decimal Classification Не е повреден само за читалня ползва се в читалня 872075 Регионална библиотека "Любен Каравелов" Русе Регионална библиотека "Любен Каравелов" Русе Хранилище 2022-02-15 Хранилище 26.00 Цб 311161 120000865833 13.29 Книги
  Не е изгубен Universal Decimal Classification Не е повреден без рестрикции заемане за дома 880449 Регионална библиотека "Любен Каравелов" Русе Регионална библиотека "Любен Каравелов" Русе Заемна - подръчен фонд 2022-04-05 Заемна - подръчен фонд 26.00 159.9/Б 28 Т 120000870489 13.29 Книги
Vip Innovations Ltd, Rousse, Bulgaria 2025